[Event "Wch Blitz (Women)"]
[Site "Samarkand"]
[Date "2023.12.29"]
[Round "4"]
[White "Yakubbaeva, Nilufar"]
[Black "Khamrakulova, Shakhnoza"]
[Result "1-0"]
[WhiteElo "2307"]
[BlackElo "2086"]
[PlyCount "66"]
[EventDate "2023.12.29"]
[EventType "swiss (blitz)"]
[EventRounds "17"]
[EventCountry "UZB"]
[SourceTitle "CB01_2024"]
[SourceDate "2024.01.03"]
[SourceVersion "1"]
[SourceVersionDate "2024.01.03"]
[SourceQuality "1"]

1. e4 c5 2. Nf3 e6 3. d4 cxd4 4. Nxd4 a6 5. c4 Qc7 6. Nc3 Nc6 7. Be3 Nf6 8. Be2 Be7 9. 0-0 0-0 10. Rc1 b6 11. b3 Bb7 12. f3 Rad8 13. a4 Nxd4 14. Bxd4 Bc5 15. Kh1 Ne8 16. f4 d5 17. cxd5 exd5 18. e5 f5 19. Bf3 Qf7 20. Ne2 Rc8 21. Qd2 Qe6 22. b4 Be7 23. Be3 Nc7 24. Nd4 Qg6 25. Rc2 Ne6 26. Rfc1 Nxd4 27. Qxd4 Qe6 28. Rxc8 Rxc8 29. Rxc8+ Qxc8 30. Bxd5+ Bxd5 31. Qxd5+ Kh8 32. h3 Bxb4 33. e6 h6 1-0

[Event "Wch Rapid (Women)"]
[Site "Samarkand"]
[Date "2023.12.28"]
[Round "9"]
[White "Borisova, Ekaterina"]
[Black "Khamrakulova, Shakhnoza"]
[Result "1-0"]
[WhiteElo "2168"]
[BlackElo "2086"]
[PlyCount "111"]
[EventDate "2023.12.26"]
[EventType "swiss (rapid)"]
[EventRounds "11"]
[EventCountry "UZB"]
[SourceTitle "CB01_2024"]
[SourceDate "2024.01.03"]
[SourceVersion "1"]
[SourceVersionDate "2024.01.03"]
[SourceQuality "1"]

1. d4 Nf6 2. c4 e6 3. g3 d5 4. Nf3 Be7 5. Bg2 0-0 6. 0-0 dxc4 7. Qa4 a6 8. Qxc4 b5 9. Qc2 Bb7 10. Bd2 Nbd7 11. Ba5 Rc8 12. Nbd2 Nb8 13. Nb3 Be4 14. Qc1 Nc6 15. Bc3 b4 16. Bd2 Bxf3 17. Bxf3 Nxd4 18. Nxd4 Qxd4 19. Be3 Qe5 20. Bb7 Rb8 21. Bxa6 Ng4 22. Bf4 Qh5 23. h4 e5 24. Bg5 Bd6 25. f3 Nf6 26. e4 Nd7 27. Be2 Qg6 28. Kh2 f5 29. Qc4+ Kh8 30. exf5 Qxf5 31. Bd3 Qf7 32. Qxf7 Rxf7 33. Bc4 Rff8 34. Be3 Nf6 35. Kg2 h5 36. Rfd1 e4 37. f4 Ng4 38. Bg1 Rbe8 39. Rd5 Nf6 40. Rg5 Kh7 41. Re1 g6 42. Bd4 Ng4 43. Be2 Nh6 44. Bb5 Re6 45. Bd7 Re7 46. Bh3 Ra8 47. f5 gxf5 48. Bxf5+ Nxf5 49. Rxf5 Rxa2 50. Rxh5+ Kg6 51. Rg5+ Kh6 52. Rf1 Re6 53. Rf7 Ra8 54. Be3 Rae8 55. Rg8+ Kh5 56. Rh7+ 1-0

[Event "Wch Rapid (Women)"]
[Site "Samarkand"]
[Date "2023.12.28"]
[Round "10"]
[White "Khamrakulova, Shakhnoza"]
[Black "Khamrakulova, Iroda"]
[Result "1/2-1/2"]
[WhiteElo "2086"]
[BlackElo "2132"]
[PlyCount "22"]
[EventDate "2023.12.26"]
[EventType "swiss (rapid)"]
[EventRounds "11"]
[EventCountry "UZB"]
[SourceTitle "CB01_2024"]
[SourceDate "2024.01.03"]
[SourceVersion "1"]
[SourceVersionDate "2024.01.03"]
[SourceQuality "1"]

1. e4 e5 2. Nf3 Nc6 3. d4 exd4 4. Nxd4 Nxd4 5. Qxd4 d6 6. Bc4 Nf6 7. 0-0 Be7 8. Nc3 0-0 9. Be3 h6 10. f4 Bd7 11. Rad1 Bc6 1/2-1/2

[Event "Olympiad Women-37"]
[Site "Turin"]
[Date "2006.05.28"]
[Round "7"]
[White "Khamrakulova, Shakhnoza"]
[Black "Fridthjofsdottir, Sigurlaug Regina"]
[Result "1-0"]
[WhiteElo "2032"]
[BlackElo "1876"]
[PlyCount "113"]
[EventDate "2006.05.21"]
[EventType "team-swiss"]
[EventRounds "13"]
[EventCountry "ITA"]
[SourceTitle "CBM 112 Extra"]
[Source "ChessBase"]
[SourceDate "2006.07.14"]
[SourceVersion "1"]
[SourceVersionDate "2006.07.14"]
[SourceQuality "1"]
[WhiteTeam "Uzbekistan (W)"]
[BlackTeam "Island (W)"]
[WhiteTeamCountry "UZB"]
[BlackTeamCountry "ISL"]

1. e4 e6 2. d4 d5 3. exd5 exd5 4. Bd3 Bd6 5. c3 Ne7 6. Bg5 0-0 7. Qh5 g6 8. Qh4 Re8 9. Ne2 Qd7 10. 0-0 Qg4 11. Ng3 Qxh4 12. Bxh4 Be6 13. Nd2 Nd7 14. Rae1 c5 15. dxc5 Nxc5 16. Bb5 Nc6 17. b4 Nd7 18. Nb3 a6 19. Bxc6 bxc6 20. Ne2 c5 21. bxc5 Nxc5 22. Bf6 Nd3 23. Rb1 Rac8 24. Nbd4 Nf4 25. Rb6 Nxe2+ 26. Nxe2 Bc5 27. Rb7 Rb8 28. Rc7 Bf8 29. Nd4 Rbc8 30. Ra7 Ra8 31. Rxa8 Rxa8 32. h3 Bg7 33. Be7 Re8 34. Bb4 Bd7 35. Rd1 Ba4 36. Nb3 Bc6 37. Nc5 Re2 38. Nxa6 Rxa2 39. Nb8 Bb7 40. Re1 h5 41. Re8+ Kh7 42. Re7 Ra1+ 43. Kh2 Bc8 44. Rxf7 Ra8 45. Nc6 Kg8 46. Re7 Ba6 47. Rd7 Bc4 48. Ne7+ Kh7 49. Nxd5 Kh6 50. Nb6 Be5+ 51. g3 Bb5 52. Rd5 Bc6 53. Rxe5 Ra1 54. Nd5 Ra2 55. Bc5 Ra5 56. Bf8+ Kh7 57. Nf6+ 1-0

[Event "Olympiad Women-37"]
[Site "Turin"]
[Date "2006.05.25"]
[Round "5"]
[White "Khamrakulova, Shakhnoza"]
[Black "Hernandez Graterol, Zaida"]
[Result "1-0"]
[WhiteElo "2032"]
[BlackElo "2046"]
[PlyCount "149"]
[EventDate "2006.05.21"]
[EventType "team-swiss"]
[EventRounds "13"]
[EventCountry "ITA"]
[SourceTitle "CBM 112 Extra"]
[Source "ChessBase"]
[SourceDate "2006.07.14"]
[SourceVersion "1"]
[SourceVersionDate "2006.07.14"]
[SourceQuality "1"]
[WhiteTeam "Uzbekistan (W)"]
[BlackTeam "Venezuela (W)"]
[WhiteTeamCountry "UZB"]
[BlackTeamCountry "VEN"]

1. e4 c5 2. c3 d5 3. exd5 Qxd5 4. d4 Nf6 5. Nf3 Bg4 6. Be2 e6 7. 0-0 Nc6 8. h3 Bh5 9. Be3 cxd4 10. cxd4 Be7 11. Nc3 Qd6 12. Qb3 0-0 13. Rfd1 Rfd8 14. Rac1 Qb4 15. Qxb4 Nxb4 16. g4 Bg6 17. Ne5 Nbd5 18. Bf3 Rac8 19. Bg5 Kf8 20. Bxf6 Nxf6 21. h4 h6 22. Nb5 Nd5 23. Nxg6+ fxg6 24. h5 gxh5 25. gxh5 a6 26. Nc3 Bg5 27. Rc2 b5 28. Bxd5 exd5 29. Re2 Kf7 30. Re5 Bf6 31. Rxd5 b4 32. Rxd8 Rxd8 33. Ne2 Rd5 34. a3 bxa3 35. bxa3 Rxh5 36. Kg2 Rd5 37. Kf3 g5 38. Ke4 Ke6 39. Rc1 Ra5 40. Rc6+ Ke7 41. Rc3 Ke6 42. Ng3 Be7 43. Rc6+ Kd7 44. Rxh6 Rxa3 45. Nf5 Bb4 46. Rg6 Bd2 47. Ne3 Ra5 48. Nc4 Ra2 49. Nxd2 Rxd2 50. Ke3 Ra2 51. Rxg5 a5 52. f4 Ra1 53. Ke4 Re1+ 54. Kd5 a4 55. Rg7+ Ke8 56. Ra7 Ra1 57. Ke6 Re1+ 58. Kf6 Rf1 59. f5 Ra1 60. d5 a3 61. Ra8+ Kd7 62. Kf7 a2 63. f6 Rd1 64. Rxa2 Rxd5 65. Re2 Rg5 66. Re7+ Kd8 67. Kf8 Rf5 68. Kf7 Rg5 69. Re1 Rg2 70. Rd1+ Kc7 71. Kf8 Re2 72. f7 Re3 73. Rh1 Kd7 74. Rh7 Rf3 75. Kg8 1-0